Iron Man (2008) character screen time - Statistics

General Stats
  • This quiz has been taken 96 times
  • The average score is 8 of 12
Answer Stats
screen time Answer % Correct
23:15 Pepper Potts
100%
77:15 Tony Stark
100%
8:15 Lt. Col. James "Rhodey" Rhodes
91%
22:00 Obadiah Stane
91%
1:15 Harold "Happy" Hogan
72%
:15 Director Nick Fury
70%
3:45 Agent Phil Coulson
63%
10:45 Professor Ho Yinsen
46%
3:45 Christine Everhart
45%
6:00 Raza
34%
1:45 Abu Bakaar
28%
:45 William Ginter Riva
12%
No matching quizzes found
Score Distribution
Percent of People with Each Score
Percentile by Number Answered
Your Score History
You have not taken this quiz